غارات النورمانیین على الأندلس بین سنتى 229 و 245هـ - 844 و 859م وسفارة یحیى العزال إلى ملک النورمند فى سنة 230هـ /845م

محفوظ في:

المؤلف الرئيسي: حسن مؤنس .

التنسيق: كتاب

اللغة: Undetermined

منشور في: Miṣr Dār al-Maʻārif bi-Misr 1949

سلاسل: مجلة الجمعية الملكية للدراسات التاريخية المجلد الثانى، العدد الأول

الوسوم: إضافة وسم

لا توجد وسوم, كن أول من يضع وسما على هذه التسجيلة!

رقم الطلب: N22 MUNI

LEADER 00643nam a2200133Ia 4500
008 240404s9999||||xx |||||||||||||| ||und||
050 4 |a N22 MUNI 
100 1 |a حسن مؤنس . 
245 1 0 |a غارات النورمانیین على الأندلس بین سنتى 229 و 245هـ - 844 و 859م وسفارة یحیى العزال إلى ملک النورمند فى سنة 230هـ /845م  |c حسن مؤنس  
264 1 |a Miṣr  |b Dār al-Maʻārif bi-Misr  |c 1949 
300 |a 19-76  |c 24 
490 0 |a مجلة الجمعية الملكية للدراسات التاريخية المجلد الثانى، العدد الأول 
942 |2 lcc  |c BK 
999 |c 58087  |d 58087